Statistiques concernant Paroles - Tryo - Désolé pour hier soir

Cliquez ici pour prendre le quiz!

Statistiques générales

  • Ce quiz a été pris 1 093 fois
    (1 058 depuis la dernière actualisation)
  • Le résultat moyen est 344 sur 500

Statistiques - réponses

Paroles% Correct
de
100%
a
99%
à
99%
A
99%
le
99%
hier,
98%
hier
98%
des
97%
fin
97%
fini
97%
soir
97%
soir,
97%
désolé
96%
Désolé
96%
La
96%
là ?
96%
96%
la
96%
pour
96%
dans
95%
Dans
95%
95%
ma
95%
ce
94%
l'envers
93%
d'avoir
90%
"Hé
90%
Les
90%
les
90%
Ta
90%
Un
90%
un
90%
ça
89%
je
89%
Je
89%
me
89%
Me
89%
gars
88%
gars,
88%
heures,
88%
Réveil
88%
tête
88%
Tu
87%
tu
87%
Tu
87%
une
87%
du
86%
matin,
86%
Pas
86%
pas
86%
pas,
86%
comme
85%
qui
85%
Et
84%
et
84%
va
84%
va,
84%
15
82%
c'est
82%
C'est
82%
fleur,
82%
j'me
82%
Promis
82%
promis
82%
réveille
82%
boire,
80%
boire
80%
dernière
80%
j'arrête
80%
oh
80%
Oh
80%
T'as
80%
t'as
80%
ton
80%
c'était
79%
l'cul
79%
l'cul,
79%
pu
79%
que
79%
bien
78%
Sur
78%
sur
78%
café ?
77%
demain,
77%
d'un
77%
lit,
76%
mon
76%
l'brouillard
75%
man
75%
man,
75%
vas
75%
bouge
74%
en
74%
nous
74%
putain,
74%
Putain
74%
t'étais
74%
au
73%
pire !
73%
pire ?
73%
se
73%
y
73%
avec
72%
avec
72%
caisse !
72%
caisse
72%
dormi ?
72%
parking
72%
toi ?
72%
bourré,
71%
doliprane
71%
réponse,
71%
merde
70%
besoin
69%
coup
69%
laisser
69%
prise
69%
quelque
69%
ramené
69%
chose
68%
dire ?
68%
J'ai
68%
J'ai
68%
pis
68%
Plus
68%
plus
68%
plus,
68%
Pokémon
68%
n'est
67%
soirée,
67%
tant
67%
16
66%
été
66%
Ferrari,
66%
Macumba
65%
surprise !
65%
tickets
65%
si
64%
Si
64%
style
64%
style,
64%
ben,
63%
bombe
63%
carte
63%
frère
63%
gonfler
63%
macadam
63%
marguerite
63%
nucléaire
63%
On
63%
on
63%
Quand
63%
abusé,
62%
conscience,
62%
yeux
62%
homme,
61%
Qu'est-ce
61%
bleue
60%
faire
60%
n'la
60%
poches
60%
coucher
59%
vois
59%
d'aller
58%
flanche
58%
mémoire
58%
rouges
58%
cours
57%
croisé
57%
font
57%
mains
57%
T'es
57%
tes
57%
Sardou
56%
temps,
56%
Bah
55%
finis
55%
mine
55%
remonter
55%
souviens
54%
Bah,
53%
j'fais
53%
mets
53%
ramènes
53%
double,
52%
17
51%
fais
51%
milieu
51%
monté
51%
mieux
50%
ouais,
50%
grave
49%
grave,
49%
Mais
48%
son
48%
Bon,
47%
bon
47%
qu'ai-je
47%
Quelques
47%
cache
46%
il
46%
l'alcool,
46%
l'alcool
46%
pendre
46%
Titi
46%
Titi,
46%
accroché
45%
Arrête
45%
blaireau
45%
deviens
45%
pété
45%
redescendre
45%
voulais
45%
câble,
44%
failli
44%
l'chapiteau
44%
anniversaire
43%
assemblée,
43%
cordage
43%
l'anniv
43%
ses
43%
verre
43%
vodka
43%
saké
42%
salut,
42%
d'eau ?
41%
Fille
41%
mal
41%
est
40%
fête
40%
part
39%
sourires
39%
t'aplatir
39%
vos
39%
provoque
38%
hauteur
37%
Quitte
37%
vrille,
37%
faut
36%
nuit
36%
tenir
36%
vivre
36%
l'oeil
35%
promesses !
35%
Allez
34%
remerciée
34%
vous
34%
coins
33%
fesses
33%
gin
33%
s'appelle ?
33%
souviens-toi ?
33%
comptoir,
32%
Guiz'
32%
quoi
32%
Refile
32%
relents
32%
sais
32%
jamais
31%
l'apéro !
31%
retrouve
31%
canap',
30%
canap'
30%
Allez
29%
Fallait
29%
Après
28%
jure,
27%
taper
27%
celle
26%
qu'on
25%
champion
24%
corps
24%
donc
23%
paix
23%
voilà
23%
bol
22%
esprit
22%
être
22%
foute
22%
lendemain
22%
nouvelles
22%
prêt
22%
résolutions
22%
Sky
22%
super
22%
aux
21%
rappelez-moi,
21%
sainteté
21%
Soupe
21%
télé
21%
thé,
21%
hein ?
20%
point
20%
devant
19%
foutre
19%
guerre
18%
Jackye
18%
Mali !"
18%
Mali
18%
sortir
17%
légumes,
15%
puisse
15%
colle
14%
mani-manier
7%

Distribution des résultats

Percentile par nombre de réponses

% des personnes avec chaque résultat

Votre développement - résultats

Vous n’avez pas pris ce quiz depuis la dernière actualisation